| 000 | 00565nam a22002057a 4500 | ||
|---|---|---|---|
| 003 | OSt | ||
| 005 | 20160412191623.0 | ||
| 008 | 160310b xxu||||| |||| 00| 0 eng d | ||
| 020 | _a0071115471 | ||
| 040 | _cDDC. | ||
| 082 | _a658GEO 2006 | ||
| 100 |
_aGeorge,M.Jennifer;Jones,R.Gareth; _97240 |
||
| 245 |
_aContemporary Management. _bCreating Value in Organisation. |
||
| 250 | _a4th ed. | ||
| 260 |
_aBoston. _bMcGraw-Hill. _c2006. |
||
| 300 |
_axxvii,728p; _bcol,ill; _c27cm. |
||
| 504 | _aincludes Credits. | ||
| 650 |
_aManagement. _9364 |
||
| 942 |
_2ddc _cSLOAN |
||
| 999 |
_c3223 _d3223 |
||